LEADER 01472nam a2200337 a 4500 001 000000126581 003 CaOOAMICUS 005 20111019143450.0 008 111019s2011 it u000 u ita r 020 $a978-88-16-41108-1 040 $aPUL$bita 082 04$a291.4 100 1 $aConio, Caterina.$0(OLS)http://pul/name/44128 245 10$aMistica comparata e dialogo interreligioso /$cCaterina Conio ; A cura di Angela Fiorentini ... [et al.]. 260 $aMilano :$bJaca Book,$cİ2011. 300 $a238 p. ;$c23 cm 490 1 $aDi fronte e attraverso.$aReligioni ;$v1008 504 $aBibliografia in nota. 650 4$aCorpo umano$xAspetti religiosi$xCristianesimo.$0(OLS)http://pul/subject/20690 650 4$aReligione$xStudi.$0(OLS)http://pul/subject/395 650 4$aMistica induista.$0(OLS)http://pul/subject/7078 700 1 $aFiorentini, Angela.$0(OLS)http://pul/name/80679 830 0$aDi fronte e attraverso.$pReligioni ;$v1008.$0(OLS)http://pul/title/7479 850 $aPUL 852 $aPUL$W1$xSL Religione 3$y85$m291. 4 CONCA 1$j146359$qDDC 21$B145070$CPULBib$Z2$F145070 $H118181 $82 941 1 $a9 996 $6020$a978-88-16-41108-1$9(OLS)http://pul/number/148162 996 $6082$a291.4$9(OLS)http://pul/classification/1857 996 $6245$aMistica comparata e dialogo interreligioso$9(OLS)http://pul/title/159884 996 $6260$aMilano :$bJaca Book$9(OLS)http://pul/publisher/47900 LEADER 01170nam a2200289 a 4500 001 000000169811 003 CaOOAMICUS 005 20181008141949.0 008 181008s1984 gw 000 u ger r 020 $a3-7776-0405-4* 032 $aLibriCat 040 $aPul$bita 100 1 $aHeisenberg, Werner,$d1901-1976.$0(OLS)http://pul/name/67820 245 10$aPhysik und Philosophie /$cWerner Heisenberg ; mit einem Beitrag von Gunther Rasche und Bartel L. van der Waerden. 250 $a4. Auflage. 260 $aStuttgart :$bHirzel,$cİ1984. 300 $axxxii, 201 p. ;$c21 cm. 650 4$aFilosofi.$0(OLS)http://pul/subject/26686 700 1 $aRasche, Günther.$0(OLS)http://pul/name/109282 700 1 $aWaerden, Bartel Laendert van der,$d1903-1996.$0(OLS)http://pul/name/109283 850 $aPUL 852 $aPUL$W1$xDP1 Fondo Seidl$y56$m4 B 100$j163325$qFondi$B197914$CPULBib$Z2$F197914 $81 941 1 $a1 996 $6020$a3-7776-0405-4*$9(OLS)http://pul/number/164823 996 $6245$aPhysik und Philosophie$9(OLS)http://pul/title/210477 996 $6260$aStuttgart :$bHirzel$9(OLS)http://pul/publisher/86934